Indian Meteorites/ (Record no. 208827)

MARC details
000 -LEADER
fixed length control field 00493nam a22001817a 4500
005 - DATE AND TIME OF LATEST TRANSACTION
control field 20250128110711.0
010 ## - LCCN (DPL NO)
LC control number ENG-143613
020 ## - INTERNATIONAL STANDARD BOOK NUMBER
Terms of availability 1000.00
035 ## - SYSTEM CONTROL NUMBER
System control number EN-127145
037 ## - SOURCE OF ACQUISITION
Source of stock number/acquisition DBAD
082 ## - DEWEY DECIMAL CLASSIFICATION NUMBER
Classification number 523
245 ## - TITLE STATEMENT
Title Indian Meteorites/
Statement of responsibility, etc By Geological Survey of India
250 ## - EDITION STATEMENT
Edition statement 1
260 ## - PUBLICATION, DISTRIBUTION, ETC. (IMPRINT)
Place of publication, distribution, etc Kolkata
Name of publisher, distributor, etc Geological Survey of India
Date of publication, distribution, etc 2014
270 ## - ADDRESS
Address 27, Jawaharlal Nehru Road
City Kolkata
Postal code 700016
300 ## - PHYSICAL DESCRIPTION
Extent 72p.
Dimensions 22cm (hb)
942 ## - ADDED ENTRY ELEMENTS (KOHA)
Source of classification or shelving scheme Dewey Decimal Classification
Item type English Books
Classification part 523
Call number suffix IND
Holdings
Withdrawn status Lost status Not for loan Collection code Home library Current library Date acquired Source of acquisition Cost, normal purchase price Full call number Barcode Copy number Cost, replacement price Koha item type
    Not For Loan Reference D.B.Act.Division D.B.Act.Division 28/01/2025 Delivery of Books Act Division 1000.00 523 IND EN-127145 1 1000.00 English Books

© Delhi Public Library
Hit Counter
free hit counter